IFM Opac

choosing and using office equipment (Record no. 18071)

MARC details
000 -LEADER
fixed length control field 00251nam a22001097a 4500
082 ## - DEWEY DECIMAL CLASSIFICATION NUMBER
Classification number 651.2
100 ## - MAIN ENTRY--PERSONAL NAME
Personal name cordell S. J.
245 ## - TITLE STATEMENT
Title choosing and using office equipment
260 ## - PUBLICATION, DISTRIBUTION, ETC.
Place of publication, distribution, etc. london
Name of publisher, distributor, etc. cassel
Date of publication, distribution, etc. 1977
300 ## - PHYSICAL DESCRIPTION
Extent x,148p.
Other physical details ill,;22cm.
942 ## - ADDED ENTRY ELEMENTS (KOHA)
Koha item type Books
Holdings
Withdrawn status Lost status Source of classification or shelving scheme Damaged status Not for loan Home library Current library Shelving location Date acquired Full call number Barcode Date last seen Price effective from Koha item type
    Dewey Decimal Classification     IFM Main Campus Library IFM Main Campus Library   08/10/2017 651.2 0000015970 08/10/2017 08/10/2017 Books